|
|
|
|
| LEADER |
00000nab a2200000 a 4500 |
| 001 |
vtls000182044 |
| 003 |
SK-MaSNL |
| 005 |
20260304070218.0 |
| 008 |
250423c1984 xo 0 slo |
| 015 |
|
|
|a SNBRB19rr/mm-uuuuu
|
| 035 |
|
|
|a CL0192157
|
| 035 |
|
|
|a urn:nbn:sk:snk-ab4tn
|
| 035 |
|
|
|a (urnnbn)urn:nbn:sk:snk:ar-a03vdo
|
| 035 |
|
|
|a (uuid)398527e8-beb2-49f5-a1da-999b743eef39
|
| 040 |
|
|
|a SNKBUCL
|b slo
|c SNKBUCL
|e AACR2
|
| 041 |
0 |
|
|a cze
|
| 044 |
|
|
|a xo
|c SK
|
| 080 |
|
|
|a 070.1:7.097
|2 1981
|
| 080 |
|
|
|a 7.097
|2 1981
|
| 100 |
1 |
|
|a Brabec, Otto,
|d 1941-
|4 aut
|9 99230
|
| 245 |
1 |
0 |
|a Televizní obrazovka - komplexní zdroj informací
|c Otto Brabec
|
| 300 |
|
|
|b Obr. 1.
|
| 650 |
0 |
7 |
|a televízia
|2 snkbucl
|9 16407
|
| 650 |
0 |
7 |
|a žurnalistika
|2 snkbucl
|9 951
|
| 655 |
|
7 |
|a články z novín a časopisov
|2 snkbucl
|9 267496
|
| 773 |
0 |
|
|t Otázky žurnalistiky
|g Roč. 27, č. 2 (1984), s. 8-16
|
| 850 |
|
|
|a Slovenská národná knižnica
|
| 852 |
|
|
|a Slovenská národná knižnica
|
| 958 |
|
|
|a article27
|
| 958 |
|
|
|a RK
|
| 958 |
|
|
|a CZ
|
| 958 |
|
|
|a OND
|
| 958 |
|
|
|a EUIPO
|
| 992 |
|
|
|a RBX
|
| 999 |
|
|
|c 2754607
|d 2756537
|